PSA schedule of rates for mechanical services (Record no. 103525)
[ view plain ]
| 000 -LEADER | |
|---|---|
| fixed length control field | 00891cam a22002535a 4500 |
| 001 - CONTROL NUMBER | |
| control field | ##L125954 |
| 008 - FIXED-LENGTH DATA ELEMENTS--GENERAL INFORMATION | |
| fixed length control field | 040426s1997 xxk f 000 0 eng d |
| 020 ## - INTERNATIONAL STANDARD BOOK NUMBER | |
| International Standard Book Number | 011702063X |
| 035 ## - SYSTEM CONTROL NUMBER | |
| System control number | (Sirsi) u125954 |
| 041 0# - LANGUAGE CODE | |
| Language code of text/sound track or separate title | eng |
| 050 04 - LIBRARY OF CONGRESS CALL NUMBER | |
| Classification number | 692.5 $2 18 |
| 110 2# - MAIN ENTRY--CORPORATE NAME | |
| Corporate name or jurisdiction name as entry element | Tarmac Professional Services |
| 9 (RLIN) | 4807 |
| 245 00 - TITLE STATEMENT | |
| Title | PSA schedule of rates for mechanical services |
| 250 ## - EDITION STATEMENT | |
| Edition statement | 3rd ed. |
| 260 ## - PUBLICATION, DISTRIBUTION, ETC. | |
| Place of publication, distribution, etc. | London |
| Name of publisher, distributor, etc. | Stationery Office |
| Date of publication, distribution, etc. | 1997 |
| 300 ## - PHYSICAL DESCRIPTION | |
| Extent | 268p. |
| Dimensions | 31cm. |
| 350 ## - PRICE (NR) (BK AM CF MU VM SE) [OBSOLETE] | |
| Price | 140 |
| 520 ## - SUMMARY, ETC. | |
| Summary, etc. | Covers all aspects of mechanical work, including installation of boilers, oil storage, air conditioning and thermal insulation as well as pipework, valves, pumps and heaters. |
| 520 ## - SUMMARY, ETC. | |
| Summary, etc. | Superseded by fourth edition (ISBN 0117028568). |
| 651 #4 - SUBJECT ADDED ENTRY--GEOGRAPHIC NAME | |
| Geographic name | United Kingdom |
| Chronological subdivision | |
| 690 ## - LOCAL SUBJECT ADDED ENTRY--TOPICAL TERM (OCLC, RLIN) | |
| Topical term or geographic name as entry element | BUILT ENVIRONMENT-BUILDING COSTS |
| 710 2# - ADDED ENTRY--CORPORATE NAME | |
| Corporate name or jurisdiction name as entry element | United Kingdom |
| Subordinate unit | Property Services Agency |
| 9 (RLIN) | 1138 |
| 942 ## - ADDED ENTRY ELEMENTS (KOHA) | |
| Suppress in OPAC | 0 |
| Withdrawn status | Lost status | Source of classification or shelving scheme | Damaged status | Not for loan | Home library | Current library | Shelving location | Date acquired | Total Checkouts | Full call number | Barcode | Date last seen | Date last checked out | Copy number | Price effective from | Koha item type |
|---|---|---|---|---|---|---|---|---|---|---|---|---|---|---|---|---|
| Dewey Decimal Classification | London | London | Basement | 08/12/2005 | 1 | SHELF 329 | 30070776 | 06/08/2019 | 09/07/2007 | 1 | 06/08/2019 | Book |